| 000 | 00622nam a22002177a 4500 | ||
|---|---|---|---|
| 003 | dpl | ||
| 005 | 20180914130353.0 | ||
| 008 | 180914b xxu||||| |||| 00| 0 eng d | ||
| 010 | _aA-599918 | ||
| 020 |
_a0356196798 _c0.00 |
||
| 035 | _aA-599918 | ||
| 040 |
_aDPL _bEN _c0 |
||
| 082 |
_a796.0941 _bWAR |
||
| 100 | _aWard, Tony | ||
| 245 |
_aAthletics: _bthe golden decade / _cby Tony Ward |
||
| 260 |
_aLondon _bMacdonald & co (publisher) ltd _c1991 |
||
| 270 |
_aOrbit house 1 new fetter lane _bLondon |
||
| 300 |
_a246.p: _c24cm |
||
| 500 | _aInclude Index | ||
| 942 |
_2ddc _cEN _h796.0941 _iWAR |
||
| 999 |
_c157485 _d157485 |
||